Traduction des citations (notice n° 2222511)

détails MARC
000 -LEADER
fixed length control field 01785cam a2200169 4500500
005 - DATE AND TIME OF LATEST TRANSACTION
control field 20260426010528.0
041 ## - LANGUAGE CODE
Language code of text/sound track or separate title fre
042 ## - AUTHENTICATION CODE
Authentication code dc
100 10 - MAIN ENTRY--PERSONAL NAME
Personal name Borm, Jan
Relator term author
245 00 - TITLE STATEMENT
Title Traduction des citations
260 ## - PUBLICATION, DISTRIBUTION, ETC.
Date of publication, distribution, etc. 2005.<br/>
500 ## - GENERAL NOTE
General note 97
520 ## - SUMMARY, ETC.
Summary, etc. Jan Borm* propose ici de relire le récit du voyage contrarié de Frederick Cook (1865-1940) et de ses deux compagnons inuits à leur retour du très Grand Nord. Il s’agit pour Cook d’une expérience régénératrice inspirée par la perception extrasensorielle de ses compagnons. Devoir chasser pour survivre avec des moyens du paléolithique lui fait revivre un état primitif. Son imagination ainsi stimulée le conduit dans une sorte de rêverie sur la prédestination. S’agit-il d’un récit de conversion ou d’un élargissement du champ de vision qui lui permet d’apercevoir la vie bienheureuse, celle des lieux originels de la mémoire dont rêve saint Augustin ?
520 ## - SUMMARY, ETC.
Summary, etc. Jan Borm proposes a new reading of the narrative of the thwarted journey homeward of Frederick Cook (b. 1865, d. 1940) and his two Inuit companions, back from the far North. It is a regenerative experience for Cook inspired by the extrasensory perceptions of his companions. Having to hunt like a Stone Age man to survive, compels him to live in a primitive state. His imagination thus stimulated takes him into some sort of reverie about predestination. Is his narrative the story of a conversion or an enlargement of his vision that allows him to see the blessed life dreamt of by Augustine?
786 0# - DATA SOURCE ENTRY
Note Études théologiques et religieuses | 80 | 3 | 2005-09-01 | p. 407-411 | 0014-2239
856 41 - ELECTRONIC LOCATION AND ACCESS
Uniform Resource Identifier <a href="https://shs.cairn.info/revue-etudes-theologiques-et-religieuses-2005-3-page-407?lang=fr&redirect-ssocas=7080">https://shs.cairn.info/revue-etudes-theologiques-et-religieuses-2005-3-page-407?lang=fr&redirect-ssocas=7080</a>

Pas d'exemplaire disponible.

PLUDOC

PLUDOC est la plateforme unique et centralisée de gestion des bibliothèques physiques et numériques de Guinée administré par le CEDUST. Elle est la plus grande base de données de ressources documentaires pour les Étudiants, Enseignants chercheurs et Chercheurs de Guinée.

Adresse

627 919 101/664 919 101

25 boulevard du commerce
Kaloum, Conakry, Guinée

Réseaux sociaux

Powered by Netsen Group @ 2025